[Event "CP-2019-Q-00005"]
[Site "LSS email"]
[Date "2019.11.27"]
[Round "?"]
[White "Pluemmer, Rolf"]
[Black "Langer, Raimund"]
[Result "1/2-1/2"]
[WhiteElo "2202"]
[BlackElo "2464"]
[PlyCount "71"]
[EventDate "2019.12.01"]
[EventType "tourn (corr)"]
[EventRounds "6"]
[EventCountry "GER"]
[SourceTitle "Corr 2022"]
[Source "ChessBase"]
[SourceDate "2021.10.24"]
[SourceVersion "1"]
[SourceVersionDate "2021.10.24"]
[SourceQuality "1"]

1. e4 e5 2. Nf3 Nc6 3. Bb5 a6 4. Ba4 Nf6 5. 0-0 Be7 6. Re1 b5 7. Bb3 d6 8. c3 0-0 9. h3 Bb7 10. d4 Re8 11. Nbd2 Bf8 12. a4 h6 13. Bc2 exd4 14. cxd4 Nb4 15. Bb1 c5 16. d5 Nd7 17. Ra3 f5 18. Nh2 Qe7 19. Nhf3 Qf7 20. Nh4 fxe4 21. Nxe4 Qxd5 22. Bd2 c4 23. Qg4 Nd3 24. Rxd3 cxd3 25. Qxd7 Rxe4 26. Rxe4 Qxe4 27. Ba2+ Kh7 28. Qf7 Qxh4 29. Qxb7 Rd8 30. Qd5 Be7 31. Bb1 Bf6 32. axb5 axb5 33. Bxd3+ Kh8 34. Qf5 Kg8 35. g3 Qa4 36. Bxh6 1/2-1/2

[Event "CP-2018-Q-00012"]
[Site "LSS email"]
[Date "2018.11.28"]
[Round "?"]
[White "Loktaev, Val"]
[Black "Pluemmer, Rolf"]
[Result "1-0"]
[WhiteElo "2121"]
[BlackElo "2212"]
[PlyCount "85"]
[EventDate "2018.12.01"]
[EventType "tourn (corr)"]
[EventRounds "6"]
[EventCountry "GER"]
[SourceTitle "Corr 2022"]
[Source "ChessBase"]
[SourceDate "2021.10.24"]
[SourceVersion "1"]
[SourceVersionDate "2021.10.24"]
[SourceQuality "1"]

1. d4 e6 2. c4 Nf6 3. Nf3 b6 4. g3 Ba6 5. Qc2 c5 6. Bg2 Nc6 7. d5 exd5 8. cxd5 Nxd5 9. 0-0 Be7 10. Rd1 Ndb4 11. Qd2 Na5 12. Ne5 0-0 13. Nxd7 Re8 14. Nc3 Bb7 15. Qf4 Qc8 16. Bh3 Qc6 17. e4 h6 18. Bf5 Nc2 19. Qg4 Bd8 20. b4 Nxb4 21. Bf4 Nc4 22. Rac1 g6 23. Bxh6 Ne5 24. Nxe5 Rxe5 25. Bd7 Qf6 26. Bf4 Rh5 27. Rd6 Qg7 28. a3 Be7 29. axb4 Bxd6 30. Bxd6 cxb4 31. Bxb4 Qf6 32. Nd5 Bxd5 33. exd5 Rd8 34. Bc6 Qb2 35. Rd1 Re5 36. Bd2 Qc2 37. Bf4 Rf5 38. Be3 Re5 39. Rc1 Qf5 40. Qa4 Re7 41. Qa3 Rc7 42. d6 Rcc8 43. h4 1-0

[Event "CP-2018-P-00021"]
[Site "LSS email"]
[Date "2018.09.27"]
[Round "?"]
[White "Pluemmer, Rolf"]
[Black "Vio, Mauro"]
[Result "1-0"]
[WhiteElo "2212"]
[BlackElo "1444"]
[PlyCount "41"]
[EventDate "2018.10.01"]
[EventType "tourn (corr)"]
[EventRounds "6"]
[EventCountry "GER"]
[SourceTitle "Corr 2022"]
[Source "ChessBase"]
[SourceDate "2021.10.24"]
[SourceVersion "1"]
[SourceVersionDate "2021.10.24"]
[SourceQuality "1"]

1. e4 c5 2. Nf3 Nc6 3. d4 cxd4 4. Nxd4 Nxd4 5. Qxd4 e6 6. Nc3 a6 7. Bf4 Ne7 8. 0-0-0 Nc6 9. Qe3 Be7 10. Qg3 0-0 11. h4 b5 12. Bh6 Bf6 13. h5 b4 14. Na4 Kh8 15. Be3 Qa5 16. h6 g6 17. b3 Be7 18. Be2 Rb8 19. Kb1 d6 20. Rxd6 Bxd6 21. Qxd6 1-0

[Event "CP-2017-P-00023"]
[Site "LSS email"]
[Date "2017.09.27"]
[Round "?"]
[White "Pluemmer, Rolf"]
[Black "Avellan, Gerardo"]
[Result "1-0"]
[WhiteElo "2209"]
[BlackElo "1922"]
[PlyCount "83"]
[EventDate "2017.10.01"]
[EventType "tourn (corr)"]
[EventRounds "6"]
[EventCountry "GER"]
[SourceTitle "Corr 2022"]
[Source "ChessBase"]
[SourceDate "2021.10.24"]
[SourceVersion "1"]
[SourceVersionDate "2021.10.24"]
[SourceQuality "1"]

1. e4 c5 2. Nf3 Nc6 3. d4 cxd4 4. Nxd4 Nf6 5. Nc3 e5 6. Ndb5 d6 7. Bg5 a6 8. Na3 Rb8 9. Nc4 h6 10. Bxf6 Qxf6 11. Nd5 Qg6 12. Qd3 b5 13. Nce3 Ne7 14. Nc7+ Kd8 15. Ncd5 Nxd5 16. Nxd5 Be6 17. Ne3 Ke8 18. a4 Be7 19. axb5 axb5 20. Ra7 Kf8 21. Be2 Qg5 22. h4 Qf4 23. g3 Qf6 24. Nd5 Bxd5 25. Qxd5 g5 26. hxg5 hxg5 27. Rxh8+ Qxh8 28. Bg4 Qh1+ 29. Ke2 b4 30. Rc7 Qh6 31. Qc6 Bd8 32. Rd7 Qf6 33. Rxd6 Qe7 34. Qd5 Bb6 35. Bh5 Rb7 36. c4 bxc3 37. bxc3 Kg7 38. Kf1 Kh7 39. Bxf7 Qxf7 40. Qxf7+ Rxf7 41. Rxb6 Rc7 42. Re6 1-0

[Event "CP-2015-P-00007"]
[Site "LSS email"]
[Date "2015.09.28"]
[Round "?"]
[White "Pluemmer, Rolf"]
[Black "Hardyn, Jaroslav"]
[Result "1-0"]
[WhiteElo "2225"]
[BlackElo "1871"]
[PlyCount "83"]
[EventDate "2015.10.01"]
[EventType "tourn (corr)"]
[EventRounds "6"]
[EventCountry "GER"]
[SourceTitle "Corr 2022"]
[Source "ChessBase"]
[SourceDate "2021.10.24"]
[SourceVersion "1"]
[SourceVersionDate "2021.10.24"]
[SourceQuality "1"]

1. e4 c5 2. Nf3 e6 3. d4 cxd4 4. Nxd4 Nc6 5. Nc3 d6 6. Be3 Nf6 7. f4 Be7 8. Qf3 e5 9. Nxc6 bxc6 10. f5 Qa5 11. Bc4 0-0 12. 0-0-0 Bb7 13. Bb3 c5 14. Bd2 Qa6 15. Qd3 Qxd3 16. cxd3 a5 17. a4 Bc6 18. h3 Rfb8 19. Bc4 h6 20. g4 Rd8 21. g5 hxg5 22. Bxg5 Kf8 23. Rdg1 Nh5 24. h4 Rab8 25. b3 Bf6 26. Bd2 Nf4 27. h5 Ke7 28. h6 gxh6 29. Rxh6 Rh8 30. Rgh1 Rhg8 31. Rh7 Rbf8 32. Kc2 Rg2 33. R1h2 Rxh2 34. Rxh2 Rg8 35. Rh7 Rg7 36. Rxg7 Bxg7 37. Nd5+ Bxd5 38. Bxd5 Nxd5 39. exd5 Bf6 40. Kc3 e4+ 41. Kc4 exd3 42. Kxd3 1-0

[Event "CP-2014-Q-00008"]
[Site "LSS email"]
[Date "2014.12.02"]
[Round "?"]
[White "Pluemmer, Rolf"]
[Black "Konstantinov, Maxim"]
[Result "0-1"]
[WhiteElo "2249"]
[BlackElo "2364"]
[PlyCount "72"]
[EventDate "2014.12.08"]
[EventType "tourn (corr)"]
[EventRounds "6"]
[EventCountry "GER"]
[SourceTitle "Corr 2022"]
[Source "ChessBase"]
[SourceDate "2021.10.24"]
[SourceVersion "1"]
[SourceVersionDate "2021.10.24"]
[SourceQuality "1"]

1. c4 Nf6 2. Nc3 g6 3. e4 d6 4. d4 Bg7 5. Nf3 0-0 6. Be2 e5 7. 0-0 Nc6 8. d5 Ne7 9. Ne1 Nd7 10. Be3 f5 11. f3 f4 12. Bf2 g5 13. Nd3 Nf6 14. c5 Ng6 15. Rc1 Rf7 16. a4 Bf8 17. a5 h5 18. a6 g4 19. fxg4 hxg4 20. axb7 Bxb7 21. Bxg4 Nxg4 22. Qxg4 Bc8 23. Qd1 a5 24. Ra1 Rg7 25. c6 Qg5 26. Ne1 Bg4 27. Qd3 Rb8 28. Ra2 Rh7 29. Ba7 Rb4 30. Kh1 Nh4 31. Rf2 Qh5 32. h3 Be7 33. Kg1 Bc8 34. Qe2 Qh6 35. Qd2 Qg6 36. Kh1 Bg5 0-1

[Event "CP-2012-Q-00008"]
[Site "LSS email"]
[Date "2013.12.17"]
[Round "?"]
[White "Pluemmer, Rolf"]
[Black "Urbaniak, Marcin"]
[Result "0-1"]
[WhiteElo "2141"]
[BlackElo "1983"]
[PlyCount "72"]
[EventDate "2013.12.22"]
[EventType "tourn (corr)"]
[EventRounds "6"]
[EventCountry "GER"]
[SourceTitle "Corr 2015"]
[Source "ChessBase"]
[SourceDate "2015.07.17"]
[SourceVersion "1"]
[SourceVersionDate "2015.07.17"]
[SourceQuality "1"]

1. e4 e6 2. d4 d5 3. Nc3 Bb4 4. e5 c5 5. a3 Bxc3+ 6. bxc3 Ne7 7. Qg4 Qc7 8. Qxg7 Rg8 9. Qxh7 cxd4 10. Ne2 Nbc6 11. f4 Bd7 12. Qd3 dxc3 13. Rb1 d4 14. Rg1 0-0-0 15. g4 Be8 16. Rg3 Na5 17. h4 a6 18. h5 Qc5 19. Qh7 Kb8 20. Rb4 Bb5 21. Qe4 Nec6 22. Rb1 Rd7 23. f5 Nc4 24. h6 N6xe5 25. Bf4 Bc6 26. Bxe5+ Nxe5 27. Qf4 Ka8 28. Nc1 Re8 29. f6 Ng6 30. Nd3 e5 31. Qf2 Qd6 32. Nb4 e4 33. Be2 Nf4 34. Kf1 Nxe2 35. Kxe2 Bb5+ 36. Ke1 e3 0-1

[Event "GER-chT10 LJ-23 Br02 email"]
[Site "GER email"]
[Date "2013.10.04"]
[Round "?"]
[White "Pluemmer, Rolf"]
[Black "Kowalski, Marek"]
[Result "0-1"]
[WhiteElo "2096"]
[BlackElo "1926"]
[PlyCount "140"]
[EventDate "2013.10.15"]
[EventType "tourn (corr)"]
[EventRounds "8"]
[EventCountry "GER"]
[SourceTitle "Corr 2020"]
[Source "ChessBase"]
[SourceDate "2019.09.30"]
[SourceVersion "1"]
[SourceVersionDate "2019.09.30"]
[SourceQuality "1"]

1. d4 Nf6 2. c4 c5 3. d5 b5 4. cxb5 a6 5. e3 axb5 6. Bxb5 Qa5+ 7. Nc3 Bb7 8. Nge2 Nxd5 9. 0-0 Nc7 10. a4 e6 11. Bd2 Nxb5 12. Nxb5 Qb6 13. Bc3 Be7 14. Be5 0-0 15. Bd6 Bxd6 16. Qxd6 Qxd6 17. Nxd6 Ba6 18. Rfe1 Nc6 19. Nc3 Nb4 20. Red1 Bd3 21. Ra3 Rfb8 22. Nce4 c4 23. Nd2 Nc6 24. Rc1 Rxb2 25. N2xc4 Bxc4 26. Nxc4 Rb4 27. f4 Kf8 28. Ra2 Ke7 29. Nb2 Ra6 30. Kf1 e5 31. g3 f5 32. Rc5 d6 33. Rc4 Rb3 34. Nd1 Kd7 35. Rc1 e4 36. Rb2 Rxb2 37. Nxb2 Na5 38. Rc2 Rb6 39. h3 h5 40. Nc4 Rb1+ 41. Ke2 Nxc4 42. Rxc4 g6 43. Kf2 Rb2+ 44. Kf1 Ra2 45. h4 d5 46. Rc5 Kd6 47. Rc8 Rxa4 48. Ke2 d4 49. Rd8+ Kc6 50. exd4 Ra2+ 51. Kf1 Rd2 52. Kg1 Kb5 53. Rc8 Rxd4 54. Kf2 Rd2+ 55. Kg1 Rd3 56. Kf2 Kb4 57. Rc6 Rf3+ 58. Kg2 Rc3 59. Rxg6 Rc2+ 60. Kf1 Kc5 61. Rg5 Kd4 62. Rxf5 Ke3 63. Kg1 Kf3 64. Rxh5 e3 65. Re5 e2 66. h5 Rc1+ 67. Kh2 e1Q 68. Rxe1 Rxe1 69. f5 Kg4 70. h6 Kxf5 0-1

[Event "CP-2013-P-00029"]
[Site "LSS email"]
[Date "2013.09.30"]
[Round "?"]
[White "Pluemmer, Rolf"]
[Black "Kolomytchenko, Igor Aleksandrovich"]
[Result "1-0"]
[WhiteElo "2141"]
[BlackElo "1692"]
[PlyCount "63"]
[EventDate "2013.10.01"]
[EventType "tourn (corr)"]
[EventRounds "6"]
[EventCountry "GER"]
[SourceTitle "Corr 2015"]
[Source "ChessBase"]
[SourceDate "2015.07.17"]
[SourceVersion "1"]
[SourceVersionDate "2015.07.17"]
[SourceQuality "1"]

1. Nf3 Nf6 2. c4 g6 3. Nc3 Bg7 4. e4 0-0 5. d4 d6 6. Be2 e5 7. 0-0 Nc6 8. d5 Ne7 9. Ne1 Nd7 10. Be3 f5 11. f3 f4 12. Bf2 g5 13. Nd3 Ng6 14. c5 Nf6 15. Rc1 Rf7 16. a4 h5 17. Nb5 Bf8 18. cxd6 cxd6 19. Nxa7 Bd7 20. Nb5 g4 21. Rc4 g3 22. hxg3 Bxb5 23. axb5 fxg3 24. Bxg3 Qd7 25. f4 exf4 26. Nxf4 Ne5 27. Nxh5 Nxc4 28. Rxf6 Ne5 29. Bxe5 dxe5 30. d6 Kh8 31. Bg4 Qd8 32. Rxf7 1-0

[Event "CP-2011-Q-00001"]
[Site "LSS email"]
[Date "2013.01.14"]
[Round "?"]
[White "Husemann, Andreas"]
[Black "Pluemmer, Rolf"]
[Result "1/2-1/2"]
[WhiteElo "2108"]
[BlackElo "2155"]
[PlyCount "37"]
[EventDate "2013.01.20"]
[EventType "tourn (corr)"]
[EventRounds "6"]
[EventCountry "GER"]
[SourceTitle "Telechess CBM 167"]
[Source "ChessBase"]
[SourceDate "2015.07.13"]
[SourceVersion "1"]
[SourceVersionDate "2015.07.13"]
[SourceQuality "1"]

1. d4 d5 2. c4 c6 3. cxd5 cxd5 4. Nc3 Nf6 5. Nf3 Nc6 6. Bf4 a6 7. Rc1 Bf5 8. e3 Rc8 9. Be2 e6 10. 0-0 Bd6 11. Bxd6 Qxd6 12. Na4 0-0 13. Nc5 Rc7 14. Qb3 Qe7 15. Rc3 Bg4 16. Rfc1 Ne4 17. R3c2 Nxc5 18. Rxc5 f5 19. h3 1/2-1/2

[Event "CP-2011-Q-00001"]
[Site "LSS email"]
[Date "2013.01.14"]
[Round "?"]
[White "Pluemmer, Rolf"]
[Black "Markus, Roland"]
[Result "0-1"]
[WhiteElo "2155"]
[BlackElo "2236"]
[PlyCount "90"]
[EventDate "2013.01.20"]
[EventType "tourn (corr)"]
[EventRounds "6"]
[EventCountry "GER"]
[SourceTitle "Telechess CBM 167"]
[Source "ChessBase"]
[SourceDate "2015.07.13"]
[SourceVersion "1"]
[SourceVersionDate "2015.07.13"]
[SourceQuality "1"]

1. e4 c6 2. d4 d5 3. Nc3 dxe4 4. Nxe4 Bf5 5. Ng3 Bg6 6. h4 h6 7. Nf3 Nd7 8. h5 Bh7 9. Bd3 Bxd3 10. Qxd3 e6 11. Bf4 Qa5+ 12. Bd2 Bb4 13. c3 Be7 14. c4 Qc7 15. 0-0-0 Ngf6 16. Kb1 Rd8 17. Rhe1 0-0 18. Nf5 exf5 19. Rxe7 Qd6 20. Re2 Ne4 21. Nh4 Ndc5 22. Qc2 Qf6 23. Nf3 Ne6 24. Be3 Rd6 25. a3 Rfd8 26. Rde1 b5 27. Ka2 Rb8 28. g3 b4 29. Qb3 Qd8 30. axb4 a5 31. b5 cxb5 32. c5 a4 33. Qb4 Ra6 34. Bf4 Qd5+ 35. Kb1 Rba8 36. Re3 a3 37. bxa3 Ra4 38. Qb3 Qd8 39. Be5 Qa5 40. Qb2 b4 41. Rc1 bxa3 42. Qa2 Rb4+ 43. Ka1 Rb2 44. Qd5 Ra7 45. Qc4 Rab7 0-1

[Event "CP-2012-P-00017"]
[Site "LSS email"]
[Date "2012.10.01"]
[Round "?"]
[White "Pluemmer, Rolf"]
[Black "Hrubaru, Mircea"]
[Result "1-0"]
[WhiteElo "2167"]
[BlackElo "1802"]
[PlyCount "49"]
[EventDate "2012.10.05"]
[EventType "tourn (corr)"]
[EventRounds "6"]
[EventCountry "GER"]
[SourceTitle "Telechess CBM 161"]
[Source "ChessBase"]
[SourceDate "2014.07.16"]
[SourceVersion "1"]
[SourceVersionDate "2014.07.16"]
[SourceQuality "1"]

1. e4 c5 2. Nf3 Nc6 3. d4 cxd4 4. Nxd4 Nf6 5. Nc3 e5 6. Ndb5 d6 7. Bg5 a6 8. Na3 b5 9. Nd5 Be7 10. Bxf6 Bxf6 11. c3 Bg5 12. Nc2 0-0 13. a4 bxa4 14. Rxa4 a5 15. Bc4 Kh8 16. Nce3 Rb8 17. Ra2 Bxe3 18. Nxe3 Ne7 19. 0-0 f5 20. exf5 Nxf5 21. Nd5 Bb7 22. b3 Rc8 23. Qd3 Rc5 24. h3 Qg5 25. Rd1 1-0